00878 2200301 4500001002100000005001500021035002000036007000300056008004100059020002200100082001200122084001400134100002700148245007200175250002600247300003900273650002000312264003600332336002100368337003000389338002300419040002200442090002200464850001200486504003400498999002200532990002200554INLIS00000000086818020220222104632 a0010-0222000647ta220222s2021 yoia g ind d a978-623-376-126-004223a532 a532 IMA m0 aImam RohaniePengarang10aMekanika fluida :buntuk bidang ilmu rekayasa lanjut /cImam Rohani aCetakan pertama, 2021 axx, 286 halaman :bgrafik ;c24 cm 4aMekanika fluida31aYogyakarta :bGraha Ilmu,c2021 2rdacontentateks 2rdamediaatanpa perantara 2rdacarrieravolume aYOPDYOGbinderda aCB-D.11 2021-1806 aYOPDYOG aBibliografi : halaman 277-278 aCB-D.11/2021-1806 aCB-D.11/2021-1806